Countries Yungblud has Visited - Statistics

General Stats
  • This quiz has been taken 34 times
    14 since last reset
  • The average score is 34 of 40
Answer Stats
Continent Country % Correct
South America Argentina
100%
Oceania Australia
100%
Europe Belgium
100%
South America Brazil
100%
North America Canada
100%
South America Chile
100%
Asia China
100%
Europe France
100%
Europe Germany
100%
Asia Japan
100%
Europe Netherlands
100%
Asia/ Europe Russia
100%
Europe Spain
100%
Europe Switzerland
100%
Europe United Kingdom
100%
North America United States of America
100%
Europe Ireland
89%
Europe Italy
89%
Nofth America Mexico
89%
Europe Poland
89%
Europe Romania
89%
Europe Denmark
78%
Europe Greece
78%
Europe Latvia
78%
Europe Lithuania
78%
Europe Luxembourg
78%
Oceania New Zealand
78%
Europe Norway
78%
Europe Serbia
78%
Asia South Korea
78%
Europe Ukraine
78%
Europe Austria
67%
Europe Czech Republic
67%
Europe Finland
67%
Europe Hungary
67%
South America Paraguay
67%
Europe Slovakia
67%
Europe Sweden
67%
Asia Thailand
67%
Asia Singapore
44%
No matching quizzes found
Score Distribution
Percent of People with Each Score
Percentile by Number Answered
Your Score History
You have not taken this quiz since the last reset